000
00290nam a22001337a 4500
008
181204b xxu||||| |||| 00| 0 eng d
020
_a
053801220
041
_a
eng
080
_2
14th
_a
330.722
100
_a
62
101
_a
KON
245
_a
Accounting Priciples
_c
Fess
942
_2
udc
_c
BK
999
_c
52805
_d
52805